<?xml version="1.0" encoding="UTF-8"?>
<record
    xmlns:xsi="http://www.w3.org/2001/XMLSchema-instance"
    xsi:schemaLocation="http://www.loc.gov/MARC21/slim http://www.loc.gov/standards/marcxml/schema/MARC21slim.xsd"
    xmlns="http://www.loc.gov/MARC21/slim">

  <leader>00905nam a22001577a 4500</leader>
  <controlfield tag="003">OSt</controlfield>
  <controlfield tag="005">20151112140155.0</controlfield>
  <controlfield tag="008">151112b        xxu||||| |||| 00| 0 eng d</controlfield>
  <datafield tag="040" ind1=" " ind2=" ">
    <subfield code="c">RUA</subfield>
  </datafield>
  <datafield tag="082" ind1=" " ind2=" ">
    <subfield code="a">FOR THO 2007 B134 Or.1</subfield>
  </datafield>
  <datafield tag="100" ind1=" " ind2=" ">
    <subfield code="9">3602</subfield>
    <subfield code="a">THONG, CHENG EAK.</subfield>
  </datafield>
  <datafield tag="245" ind1=" " ind2=" ">
    <subfield code="a">Evaluation of habitat suitability for reintroduction of bear species in the phnom khnong kropeu area of the central cardamom protected forest (CCPF), &#x1780;&#x17B6;&#x179A;&#x179C;&#x17B6;&#x1799;&#x178F;&#x17C6;&#x179B;&#x17C3;&#x1791;&#x17C5;&#x179B;&#x17BE;&#x179F;&#x1780;&#x17D2;&#x178A;&#x17B6;&#x1793;&#x17BB;&#x1796;&#x179B;&#x1797;&#x17B6;&#x1796;&#x1793;&#x17C3;&#x1787;&#x17C6;&#x179A;&#x1780;&#x179F;&#x17C6;&#x179A;&#x17B6;&#x1794;&#x17CB;&#x1780;&#x17B6;&#x179A;&#x178A;&#x17C4;&#x17C7;&#x179B;&#x17C2;&#x1784;&#x179F;&#x178F;&#x17D2;&#x178F;&#x1781;&#x17D2;&#x179B;&#x17B6;&#x1783;&#x17D2;&#x1798;&#x17BB;&#x17C6;&#x1780;&#x17D2;&#x1793;&#x17BB;&#x1784;&#x178F;&#x17C6;&#x1794;&#x1793;&#x17CB;&#x1780;&#x17D2;&#x1793;&#x17BB;&#x1784;&#x178F;&#x17C6;&#x1794;&#x1794;&#x1793;&#x17CB;&#x1797;&#x17D2;&#x1793;&#x17C6;&#x1781;&#x17D2;&#x1793;&#x1784;&#x1780;&#x17D2;&#x179A;&#x1796;&#x17BE;&#x1793;&#x17C3;&#x1796;&#x17D2;&#x179A;&#x17C3;&#x1780;&#x17B6;&#x179A;&#x1796;&#x17B6;&#x179A; &#x1787;&#x17BD;&#x179A;&#x1797;&#x17D2;&#x1793;&#x17C6;&#x1780;&#x17D2;&#x179A;&#x179C;&#x17B6;&#x1789;&#x1797;&#x17B6;&#x1782;&#x1780;&#x178E;&#x17D2;&#x178A;&#x17B6;&#x179B;</subfield>
  </datafield>
  <datafield tag="260" ind1=" " ind2=" ">
    <subfield code="a">Phnom Penh</subfield>
    <subfield code="b">RUA</subfield>
    <subfield code="c">2007</subfield>
  </datafield>
  <datafield tag="300" ind1=" " ind2=" ">
    <subfield code="a">xiii; 70p.</subfield>
    <subfield code="b">ill.</subfield>
    <subfield code="c">29cm.</subfield>
  </datafield>
  <datafield tag="942" ind1=" " ind2=" ">
    <subfield code="2">ddc</subfield>
    <subfield code="c">FOR</subfield>
  </datafield>
  <datafield tag="999" ind1=" " ind2=" ">
    <subfield code="c">3353</subfield>
    <subfield code="d">3353</subfield>
  </datafield>
  <datafield tag="952" ind1=" " ind2=" ">
    <subfield code="0">0</subfield>
    <subfield code="1">0</subfield>
    <subfield code="2">ddc</subfield>
    <subfield code="4">0</subfield>
    <subfield code="6">FOR_THO_2007_000000000000000_B134_OR_1</subfield>
    <subfield code="7">0</subfield>
    <subfield code="9">15740</subfield>
    <subfield code="a">LBB</subfield>
    <subfield code="b">LBB</subfield>
    <subfield code="c">B134</subfield>
    <subfield code="d">2015-11-12</subfield>
    <subfield code="o">FOR THO 2007 B134 Or.1</subfield>
    <subfield code="p">RUA41688</subfield>
    <subfield code="r">2015-11-12</subfield>
    <subfield code="w">2015-11-12</subfield>
    <subfield code="y">FOR</subfield>
  </datafield>
  <datafield tag="952" ind1=" " ind2=" ">
    <subfield code="0">0</subfield>
    <subfield code="1">0</subfield>
    <subfield code="2">ddc</subfield>
    <subfield code="4">0</subfield>
    <subfield code="6">FOR_THO_2007_000000000000000_B134_OR_2</subfield>
    <subfield code="7">0</subfield>
    <subfield code="9">15741</subfield>
    <subfield code="a">LBB</subfield>
    <subfield code="b">LBB</subfield>
    <subfield code="c">B134</subfield>
    <subfield code="d">2015-11-12</subfield>
    <subfield code="o">FOR THO 2007 B134 Or.2</subfield>
    <subfield code="p">RUA41823</subfield>
    <subfield code="r">2015-11-12</subfield>
    <subfield code="w">2015-11-12</subfield>
    <subfield code="y">FOR</subfield>
  </datafield>
  <datafield tag="952" ind1=" " ind2=" ">
    <subfield code="0">0</subfield>
    <subfield code="1">0</subfield>
    <subfield code="2">ddc</subfield>
    <subfield code="4">0</subfield>
    <subfield code="6">FOR_THO_2007_000000000000000_B134_OR_3</subfield>
    <subfield code="7">0</subfield>
    <subfield code="9">15742</subfield>
    <subfield code="a">LBB</subfield>
    <subfield code="b">LBB</subfield>
    <subfield code="c">B134</subfield>
    <subfield code="d">2015-11-12</subfield>
    <subfield code="o">FOR THO 2007 B134 Or.3</subfield>
    <subfield code="p">RUA41526</subfield>
    <subfield code="r">2015-11-12</subfield>
    <subfield code="w">2015-11-12</subfield>
    <subfield code="y">FOR</subfield>
  </datafield>
  <datafield tag="952" ind1=" " ind2=" ">
    <subfield code="0">0</subfield>
    <subfield code="1">0</subfield>
    <subfield code="2">ddc</subfield>
    <subfield code="4">0</subfield>
    <subfield code="6">FOR_THO_2007_000000000000000_B134_OR_4</subfield>
    <subfield code="7">0</subfield>
    <subfield code="9">15743</subfield>
    <subfield code="a">LBB</subfield>
    <subfield code="b">LBB</subfield>
    <subfield code="c">B134</subfield>
    <subfield code="d">2015-11-12</subfield>
    <subfield code="o">FOR THO 2007 B134 Or.4</subfield>
    <subfield code="p">RUA41763</subfield>
    <subfield code="r">2015-11-12</subfield>
    <subfield code="w">2015-11-12</subfield>
    <subfield code="y">FOR</subfield>
  </datafield>
  <datafield tag="952" ind1=" " ind2=" ">
    <subfield code="0">0</subfield>
    <subfield code="1">0</subfield>
    <subfield code="2">ddc</subfield>
    <subfield code="4">0</subfield>
    <subfield code="6">FOR_THO_2007_000000000000000_B134_OR_5</subfield>
    <subfield code="7">0</subfield>
    <subfield code="9">15744</subfield>
    <subfield code="a">LBB</subfield>
    <subfield code="b">LBB</subfield>
    <subfield code="c">B134</subfield>
    <subfield code="d">2015-11-12</subfield>
    <subfield code="o">FOR THO 2007 B134 Or.5</subfield>
    <subfield code="p">RUA41892</subfield>
    <subfield code="r">2015-11-12</subfield>
    <subfield code="w">2015-11-12</subfield>
    <subfield code="y">FOR</subfield>
  </datafield>
  <datafield tag="952" ind1=" " ind2=" ">
    <subfield code="0">0</subfield>
    <subfield code="1">0</subfield>
    <subfield code="2">ddc</subfield>
    <subfield code="4">0</subfield>
    <subfield code="6">FOR_THO_2007_000000000000000_B134_OR_6</subfield>
    <subfield code="7">0</subfield>
    <subfield code="9">15745</subfield>
    <subfield code="a">LBB</subfield>
    <subfield code="b">LBB</subfield>
    <subfield code="c">B134</subfield>
    <subfield code="d">2015-11-12</subfield>
    <subfield code="o">FOR THO 2007 B134 Or.6</subfield>
    <subfield code="p">RUA41764</subfield>
    <subfield code="r">2015-11-12</subfield>
    <subfield code="w">2015-11-12</subfield>
    <subfield code="y">FOR</subfield>
  </datafield>
</record>
